000 00604cam a2200229Ia 4500
001 sjds31881003
003 sjds
005 20200311201921.0
008 950125s1994 sp 000 1 spa d
020 _a8420448060 (pbk.)
020 _a9788420448060 (pbk.)
040 _aCS1
_cCS1
_dI5B
_dPL#
_dCSP
041 _aspa
100 1 _aAlfaya, Javier.
245 1 4 _aUna luz en la marisma /
_cJavier Alfaya.
250 _a1. ed.
260 _aMadrid :
_bAlfaguara,
_cc1994.
300 _a123 p. ;
_c22 cm.
655 7 _aMystery fiction.
_2gsafd.
655 7 _aYoung adult fiction.
_2lcgft.
942 _cBK
999 _c24448
_d24448